000 00954nam a2200277 4500
001 737574844
003 DE-627
005 20240926115428.0
007 tu
008 130305s2012 gw ||||| 00| ||ger c
035 _a(DE-627)737574844
035 _a(DE-599)GBV737574844
040 _aDE-627
_bger
_cDE-2950
_erakwb
_dDE-2950
041 _ager
044 _cXA-DE
110 2 _aMilchindustrie-Verband
_0(DE-588)516321-3
_0(DE-627)101585330
_0(DE-576)193045818
_4aut
245 1 0 _a1912 - 2012
_b100 Jahre Milchindustrieverband : Festschrift /
_cMilchindustrieverband
264 1 _a[Berlin]:
_bMilchindustrie-Verb.,
_c2012
300 _a122 S:
_bgraph. Darst., Ill.
336 _aText
_btxt
_2rdacontent
337 _aohne Hilfsmittel zu benutzen
_bn
_2rdamedia
338 _aBand
_bnc
_2rdacarrier
500 _aDarin: Zu Martin Schenk, Frankfurt (Oder), Präsident des Verbandes der Milchindustrie ab 1990, S. 47-48
942 _2z
_cB
951 _aBO
999 _c373368
_d373368